| 000 | 00345 a2200109 4500 | ||
|---|---|---|---|
| 001 | ART_13825 | ||
| 005 | 20260410161911.0 | ||
| 008 | 260409a | ||
| 245 | 1 | 0 | _aNotas sobre polos de desarrollo y transición |
| 100 | 1 | _aCoraggio, José Luis | |
| 773 | 0 |
_tDemografía y economía _g- Vol. XVI, Nº 49 (ene./mar. 1982) _wREV13200 |
|
| 999 |
_c26785 _d26785 |
||